Démokritosz

Elmentve itt :
Bibliográfiai részletek
Szerző: Démokritos
Dokumentumtípus: Könyv része
Megjelent: 1999
Sorozat:Belvedere segédkönyvtár 2
Exemplaria Graeca : görög bölcsességek latin és magyar fordítással 2
Kulcsszavak:Szállóige - görög - ókori, Aforizmák - ókori - görög, Görög irodalom - idézetek
Tárgyszavak:
Online Access:http://acta.bibl.u-szeged.hu/66012
LEADER 00881naa a2200253 i 4500
001 acta66012
005 20211206132511.0
008 200409s1999 hu o 0|| hun d
020 |a 963 03 7987 2 
022 |a 1217-3495 
040 |a SZTE Egyetemi Kiadványok Repozitórium  |b hun 
041 |a hun 
041 |a lat 
041 |a und 
100 3 |a Démokritos  
245 1 0 |a Démokritosz  |h [elektronikus dokumentum] /  |c  Démokritos  
260 |c 1999 
300 |a 49-58 
490 0 |a Belvedere segédkönyvtár  |v 2 
490 0 |a Exemplaria Graeca : görög bölcsességek latin és magyar fordítással  |v 2 
650 4 |a Bölcsészettudományok 
650 4 |a Nyelvek és irodalom 
695 |a Szállóige - görög - ókori, Aforizmák - ókori - görög, Görög irodalom - idézetek 
856 4 0 |u http://acta.bibl.u-szeged.hu/66012/1/examplaria_graeca_049-058.pdf  |z Dokumentum-elérés